|
|
|
|
| LEADER |
01323nam a22003492a 4500 |
| 001 |
000820064 |
| 003 |
CZ BrMZK |
| 005 |
20090122204102.0 |
| 007 |
ta |
| 008 |
060620s1983 xr af er|||||||||||cze d |
| 015 |
|
|
|a cnb000039446
|
| 020 |
|
|
|q (Brož.) :
|c 23 Kčs
|
| 035 |
|
|
|a (OCoLC)39406890
|
| 040 |
|
|
|a ABA001
|b cze
|d ABA001
|d BOA001
|
| 080 |
9 |
|
|a 75.071.1Samec,J.
|
| 080 |
9 |
|
|a 929Samec,J.
|
| 100 |
1 |
|
|a Samec, Jan,
|d 1917-1988
|7 jn20000710492
|4 aut
|4 ill
|
| 245 |
1 |
0 |
|a Jan Samec :
|b [Monografie s ukázkami z výtvarného díla] /
|c Jan Samec ml. ; snímky Bohumil Straka, Jiří Vávra ; graf. úprava Přemysl Rolčík
|
| 260 |
|
|
|a Karlovy Vary :
|b Galerie umění :
|b Odbor kultury ONV,
|c 1983
|
| 300 |
|
|
|a 32 s. :
|b 30 s. fot. ;
|c 20 cm
|
| 490 |
1 |
|
|a Řada monografií karlovarských umělců
|
| 500 |
|
|
|a Životopisná data
|
| 600 |
1 |
7 |
|a Samec, Jan,
|d 1917-1988
|7 jn20000710492
|2 czenas
|
| 655 |
|
7 |
|a monografie
|7 fd132842
|2 czenas
|
| 700 |
1 |
|
|a Straka, Bohumil,
|d 1919-
|7 jn99240001133
|4 ill
|
| 700 |
1 |
|
|a Vávra, Jiří
|7 jx20040811024
|4 ill
|
| 830 |
|
0 |
|a Řada monografií karlovarských umělců
|
| 910 |
|
|
|a BOA001
|b 2-0953.635
|
| 964 |
|
|
|a Samec, Jan - výstavy 1983 - katalogy
|
| 990 |
|
|
|a BK
|
| 995 |
|
|
|a 01
|
| 996 |
6 |
|
|b 2619342966
|c 2-0953.635
|l MZK
|r Sklad / do 1 hodiny
|n 0
|w 000820064
|u 000010
|a 1
|e BOA001
|j MZK50
|s P
|